<?xml version="1.0" encoding="UTF-8"?>
<marc:record xmlns:marc="http://www.loc.gov/MARC21/slim">
   <marc:leader>00000nam a2200000 a 4500</marc:leader>
   <marc:datafield ind1="1" ind2=" " tag="100">
      <marc:subfield code="a">Hunter, Erin ::[VerfasserIn]::</marc:subfield>
      <marc:subfield code="4">aut</marc:subfield>
      <marc:subfield code="e">Verfasser/-in</marc:subfield>
   </marc:datafield>
   <marc:datafield ind1=" " ind2=" " tag="653">
      <marc:subfield code="a">Katze</marc:subfield>
   </marc:datafield>
   <marc:datafield ind1=" " ind2=" " tag="653">
      <marc:subfield code="a">Fantasie</marc:subfield>
   </marc:datafield>
   <marc:datafield ind1="0" ind2="0" tag="245">
      <marc:subfield code="a">Warrior Cats</marc:subfield>
   </marc:datafield>
   <marc:datafield ind1="0" ind2="0" tag="245">
      <marc:subfield code="b">Zeichen der Sterne. Fernes Echo ; IV, Band 2</marc:subfield>
   </marc:datafield>
   <marc:datafield ind1=" " ind2="1" tag="264">
      <marc:subfield code="b">Beltz  Gelberg</marc:subfield>
      <marc:subfield code="c">2014</marc:subfield>
   </marc:datafield>
   <marc:datafield ind1="1" ind2=" " tag="520">
      <marc:subfield code="a">»Es gibt noch eine Schülerin«, knurrte Tigerstern. »Sie hat große Macht. Sie muss sich uns anschließen, damit der Kampf ausgeglichen ist.« Die Schülerin Taubenpfote hat eine besondere Gabe. Es scheint, als sei sie die Auserwählte mit der Macht der Sterne. Aber wozu sollen sie, Häherfeder und Löwenglut diese Macht überhaupt verwenden? Taubenpfote trägt schwer an ihrem Geheimnis. Am liebsten würde sie ihrer Schwester Efeupfote alles erzählen. Efeupfote dagegen versteht nicht, was mit ihrer Schwester geschieht. Sie sucht Zuflucht in ihren Träumen, wo sie Katzen findet, die ihr Großes versprechen. Kann sie ihnen trauen? Hinter dem Namen Erin Hunter verbirgt sich ein ganzes Team von Autorinnen. Gemeinsam konzipieren und schreiben sie die erfolgreichen Tierfantasy-Reihen WARRIOR CATS, SEEKERS und SURVIVOR DOGS.</marc:subfield>
   </marc:datafield>
   <marc:datafield ind1="3" ind2=" " tag="024">
      <marc:subfield code="a">3407811624</marc:subfield>
   </marc:datafield>
</marc:record>
